Vytápění, větrání a klimatizace /

Gespeichert in:
Bibliographische Detailangaben
1. Verfasser: Cihelka, Jaromír (xxx)
Format: Buch
Sprache:Tschechisch
Veröffentlicht: Praha : SNTL, 1985
Ausgabe:3.přepr.a dopl.vyd.
Schlagworte:
Tags: Tag hinzufügen
Keine Tags, Fügen Sie das erste Tag hinzu!

MARC

LEADER 00000nam a22000003a 4500
001 stu44262
005 20150617225717.9
008 950220s1985----cs------------------cze-d
040 |a STU  |b slo 
041 0 |a cze 
044 |a cs 
080 |a 697  |7 stu_us_auth*stu7286 
100 1 |a Cihelka, Jaromír  |4 xxx 
245 1 |a Vytápění, větrání a klimatizace /  |c Jaromír Cihelka a kol 
250 |a 3.přepr.a dopl.vyd. 
260 |a Praha :  |b SNTL,  |c 1985 
300 |a 648 s 
650 7 |a kúrenie  |2 stusub 
650 7 |a vetranie  |2 stusub 
650 7 |a klimatizácia  |2 stusub 
996 |b 284J021974  |c J*73827  |l JJSK  |s A  |a 24  |w stu44262_0001 
996 |b E55611  |c E*55611  |l EE15  |s P  |a 0  |w stu44262_0002 
996 |b 284J012907  |c J*73833  |l JJSK  |s A  |a 24  |w stu44262_0003 
996 |b 284M014762  |c M*6517-1  |l MMKN  |s A  |a 24  |w stu44262_0004 
996 |c V*29701/O-11841  |l VV18  |s P  |a 0  |w stu44262_0005